|
|
|
|
| LEADER |
01257nam a22002657a 4500 |
| 001 |
33718 |
| 003 |
BD-DhAAL |
| 005 |
20231221133734.0 |
| 008 |
180911t2017 bg ar s f0 0eng d |
| 040 |
|
|
|a DLC
|c DLC
|d NST
|d DLC
|d OCoLC
|d MH
|d BD-DhAAL
|d BD-DhAAL
|
| 082 |
0 |
0 |
|a 330.9549205
|2 22
|
| 245 |
0 |
0 |
|a Flow of external resources into Bangladesh :
|b as of 30 June 2017 /
|c Economic Relations Division, Ministry of Finance, Govt. of the People's Republic of Bangladesh.
|
| 260 |
|
|
|a Dhaka :
|b Economic Relations Division, Ministry of Finance, Govt. of the People's Republic of Bangladesh,
|c 2017
|
| 300 |
|
|
|a xxvi, 302 pages :
|b illustrations ;
|c 28 cm.
|
| 310 |
|
|
|a Annual
|
| 500 |
|
|
|a Chiefly statistical tables.
|
| 526 |
|
|
|a AAL
|
| 541 |
|
|
|a Development Book Agency
|e 33718
|
| 650 |
|
0 |
|a Economic assistance
|z Bangladesh
|v Statistics
|v Periodicals.
|9 3797
|
| 651 |
|
0 |
|a Bangladesh
|x Economic conditions
|v Statistics.
|9 3798
|
| 710 |
1 |
|
|a Bangladesh
|b Economic Relations Division
|9 3799
|
| 852 |
1 |
|
|a Ayesha Abed Library
|c Reference
|
| 942 |
|
|
|2 ddc
|c BK
|
| 999 |
|
|
|c 40003
|d 40003
|
| 952 |
|
|
|0 0
|1 0
|2 ddc
|4 0
|6 330_954920500000000_FLO
|7 0
|9 64287
|a BRACUL
|b BRACUL
|c REF
|d 2018-08-28
|e Development Book Agency
|g 350.00
|l 0
|o 330.9549205 FLO
|p 3010033718
|r 2018-08-28
|t 1
|v 350.00
|w 2018-08-28
|y BK
|